Представление документа в формате RUSMARC

ПолеНазваниеЗначение
  Тип записи a
  Библиографический уровень a
001 Контрольный номер RU/CBS_UL/BASE/556822493
005 Дата корректировки 20250122233009.0
100 Данные общей обработки __
a Данные общей обработки 20170823d2017 ||| 0rusy0189 ca
101 Язык документа 0_
a Язык текста rus
102 Страна публикации __
a Страна публикации RU
105 Кодированные данные (монография) __
a Кодированные данные (монография) y###||||000|y
200 Заглавие и сведения об ответственности 1_
a Заглавие Изменится ли жизнь наследников?
b Общее обозначение материала Текст
e Сведения, относящиеся к заглавию [о внесении поправок в Гражданский кодекс, касающихся правил наследования]
f Первые сведения об ответственности Т. Богданова
300 Общие примечания __
a Общие примечания Ограничения по возрасту - 16+
461 Уровень набора _0
1 2000
a Аргументы и факты
463 Уровень физической единицы _0
1 001RU/CBS_UL/BASE/556817087
1 2000
a № 34 (23-29 августа)
v С. 11 : ил.
1 210
d 2017
606 Тематические рубрики 0_
a Основная рубрика Наследование по завещанию - Российская Федерация
610 Ключевые слова 0_
a Ключевые слова право
a Ключевые слова наследственное право
a Ключевые слова кодексы
a Ключевые слова Гражданский кодекс
a Ключевые слова наследование
a Ключевые слова правила наследования
a Ключевые слова завещания
a Ключевые слова наследства
a Ключевые слова наследственные фонды
686 Индексы других классификаций __
a Классификационный индекс 67.404.5
2 Код системы ББК
700 Автор _1
a Фамилия Богданова
b Имя (инициалы) Т.
801 Источник записи _0
a Страна RU
b Организация МБУК ЦБС г. Ульяновска
c Дата составления 20170823
g Правила каталогизации RCR
801 Источник записи _1
a Страна RU
b Организация МБУК ЦБС г. Ульяновска
c Дата составления 20170823
g Правила каталогизации RCR
901 Тип документа __
t Тип документа f
w Контрольный № источника RU/CBS_UL/BASE/556817087
910 Корректоры записи __
a Корректор записи Библиотека 1
938 Служебная информация __
a Имя БД period